000 00370 a2200121 4500
001 ART_17841
005 20260410161701.0
008 260409a
245 1 0 _aPolítica cambiaria optima en la economía pequeña
100 1 _aMartirena-Mantel, Ana María
700 1 _aMantel, Rolf R.
773 0 _tEnsayos Económicos
_g- Nº 16 (dic. 1980)
_wREV620
999 _c15144
_d15144